Stála prevádzkareň

Právna úprava stálej prevádzkarne v Slovenskej republike, podľa zákona o dani z príjmov a podľa príslušného článku medzinárodnej zmluvy. Ilustračné príklady.

Saved in:
Bibliographic Details
Main Author: Sandtner, Lucia
Format: Book Chapter
Language:Slovak
Subjects:
Tags: Add Tag
No Tags, Be the first to tag this record!

MARC

LEADER 00000naa a2200000 4500
001 0257947
005 20240426104246.9
041 0 |a slo 
044 |a SK 
245 1 0 |a Stála prevádzkareň  |c Lucia Sandtner 
520 |a Právna úprava stálej prevádzkarne v Slovenskej republike, podľa zákona o dani z príjmov a podľa príslušného článku medzinárodnej zmluvy. Ilustračné príklady. 
610 2 0 |a prevádzky 
610 2 0 |a prevádzkarne stále 
610 2 0 |a dane z príjmov 
610 2 0 |a Slovensko 
610 2 0 |a zmluvy medzinárodné 
610 2 0 |a daňovníci 
100 1 |a Sandtner, Lucia